| 000 | 00816nam a22002297a 4500 | ||
|---|---|---|---|
| 005 | 20170915151301.0 | ||
| 010 | _a1617EN ENG-120797 | ||
| 020 |
_a9781138667518 _c895.00 |
||
| 035 | _aB-650238-240 | ||
| 035 | _aEN-104329 | ||
| 037 |
_aDPL _bUPPAL |
||
| 082 | _a250 | ||
| 082 | _a250.082 | ||
| 100 | _aKaushik, Garima | ||
| 245 |
_aWoman and monastic Buddhism in early South Asia: _cby Garima Kaushik _brediscovering the invisible believers / |
||
| 260 |
_aNew York _bRoutledge _c2016 |
||
| 270 |
_a711 third avenue _bNew York _eNY 10017 |
||
| 300 |
_a284p.: _c24cm(Hb) _bill. |
||
| 500 | _aIncludes index | ||
| 942 |
_2ddc _cEN _h250.082 _mKAU |
||
| 999 |
_c102154 _d102154 |
||